|
|
|
|
| LEADER |
00000nab a2200000 ar4500 |
| 001 |
vtls008839336 |
| 003 |
SK-MaSNL |
| 005 |
20260305023500.0 |
| 008 |
060816c2006 xo wr|p|||||||000 b|slo |
| 015 |
|
|
|a SNBRBL2006/08
|2 snkbucl
|
| 038 |
|
|
|a SNKBUCL
|
| 040 |
|
|
|a SNKBUCL
|b slo
|c SNKBUCL
|e AACR2
|
| 041 |
0 |
|
|a slo
|
| 044 |
|
|
|a xo
|c SK
|
| 080 |
|
|
|a 339.923
|x (4)
|2 UDC-MRF-SK2
|
| 080 |
|
|
|a 352.9
|2 UDC-MRF-SK2
|
| 080 |
|
|
|a 352/354
|x (437.6)
|2 UDC-MRF-SK2
|
| 245 |
0 |
0 |
|a Deklarácia XXIII. valného zhromaždenia Rady európskych obcí a regiónov
|b Innsbruck, 12. mája 2006
|
| 610 |
2 |
7 |
|a Európska únia.
|b Výbor regiónov
|2 snkbucl
|9 56365
|
| 610 |
2 |
7 |
|a Rada európskych obcí a regiónov
|2 snkbucl
|9 1305498
|
| 648 |
|
7 |
|a 2006
|2 snkbucl
|9 313148
|
| 650 |
0 |
7 |
|a zasadanie
|2 snkbucl
|9 280253
|
| 773 |
0 |
|
|t Obecné noviny
|g Roč. XVI, č. 28 (2006), s. 10-12
|
| 852 |
|
|
|a SNK
|b KIS3GCP
|
| 999 |
|
|
|c 3297421
|d 3299351
|